Loading...
| Science - Other Science | 0 | 2 | 0 | 0 | 20 | 89 | 90.00 | 1 | 2 |
| History - Other History | 0 | 2 | 0 | 1 | 20 | 97 | 107.00 | 0 | 2 |
| Literature - World Literature | 1 | 0 | 0 | 0 | 15 | 47 | 47.00 | 1 | 1 |
| Geography | 0 | 1 | 0 | 1 | 10 | 141 | 141.00 | 0 | 1 |
| Other Academic | 0 | 1 | 0 | 0 | 10 | 71 | 71.00 | 0 | 1 |
| Religion | 0 | 1 | 0 | 0 | 10 | 57 | 57.00 | 1 | 1 |
| Science - Physics | 0 | 1 | 0 | 0 | 10 | 106 | 106.00 | 0 | 1 |
| Fine Arts - Auditory Fine Arts | 0 | 1 | 0 | 1 | 10 | 136 | 136.00 | 0 | 1 |
| Fine Arts - Other Fine Arts | 0 | 1 | 0 | 0 | 10 | 85 | 85.00 | 1 | 1 |
| Mythology | 0 | 1 | 1 | 1 | 5 | 143 | 143.00 | 0 | 1 |
| Current Events | 0 | 0 | 2 | 0 | -10 | 0.00 | 0 | 0 |